000 00399nam a2200157Ia 4500
008 230312s9999||||xx |||||||||||||| ||und||
020 _a0-06-000881
082 _a381.1
_bCAS-D
100 _aJohn;Cassidy
245 0 _adot . Con
260 _bHarper Collins
_aUSA
_c2002
300 _a395
546 _aEng.
650 _aManagement
_vFrom memex to world wide web, popular capitalism
942 _cBK
999 _c1950
_d1950